000
00284nam a22001217a 4500
008
181009b xxu||||| |||| 00| 0 eng d
041
_a
eng
080
_a
316
100
_a
49
101
_a
SOC
245
_a
Society And Thougic IN Modern America
_c
william.p
942
_2
udc
_c
BK
999
_c
49220
_d
49220